000 00296nam a2200109Ia 4500
008 230302s9999 xx 000 0 und d
082 _aI005.133COH
100 _aCohn(Alayna)&Potter(John)
245 _aHTML user interacting
260 _aNEW DELHI
_b UPPER SADDLEPRENTICE HALL
365 _cRS
999 _c152939
_d152939